Patrick Verspieren,, Marie-Sylvie Richard, Jacques Ricot , La Tentation de l’euthanasie , Repères éthiques et expériences soignantes. Desclée de Brouwer, 2004, 296 pages, 22 € (notice n° 1674245)
[ vue normale ]
| 000 -LEADER | |
|---|---|
| fixed length control field | 00585cam a2200145 4500500 |
| 005 - DATE AND TIME OF LATEST TRANSACTION | |
| control field | 20260301001757.0 |
| 041 ## - LANGUAGE CODE | |
| Language code of text/sound track or separate title | fre |
| 042 ## - AUTHENTICATION CODE | |
| Authentication code | dc |
| 100 10 - MAIN ENTRY--PERSONAL NAME | |
| Personal name | Valadier, Paul |
| Relator term | author |
| 245 00 - TITLE STATEMENT | |
| Title | Patrick Verspieren,, Marie-Sylvie Richard, Jacques Ricot , La Tentation de l’euthanasie , Repères éthiques et expériences soignantes. Desclée de Brouwer, 2004, 296 pages, 22 € |
| 260 ## - PUBLICATION, DISTRIBUTION, ETC. | |
| Date of publication, distribution, etc. | 2005.<br/> |
| 500 ## - GENERAL NOTE | |
| General note | 9 |
| 786 0# - DATA SOURCE ENTRY | |
| Note | Études | 402 | 2 | 2005-02-01 | p. XIV-XIV | 0014-1941 |
| 856 41 - ELECTRONIC LOCATION AND ACCESS | |
| Uniform Resource Identifier | <a href="https://shs.cairn.info/revue-etudes-2005-2-page-XIV?lang=fr&redirect-ssocas=7080">https://shs.cairn.info/revue-etudes-2005-2-page-XIV?lang=fr&redirect-ssocas=7080</a> |
Pas d'exemplaire disponible.




Réseaux sociaux